000 00285nam a2200121 4500
999 _c10794
_d10794
003 OSt
005 20221010145205.0
008 221010b ||||| |||| 00| 0 eng d
100 _aFrederic Gibbered
245 _aTown Design
260 _aLondon
_bThe architectural Prees
942 _2ddc